Score 0/32 Timer 10:00
0 Plays Today
Time Programme % Correct
Saturday 12.25Art Attack
71.9%
Sunday 3.00My Parents are Aliens
62.5%
Sunday 11.15Rosie and Jim
60.9%
Sunday 10.30Rainbow
59.4%
Saturday 1.00Finders Keepers
57.8%
Saturday and Sunday 1.30Fun House
55.2%
Saturday 11.35Count Duckula
54.7%
Sunday 12.25How 2
47.9%
Saturday and Sunday 5.30Children's Ward
47.4%
Sunday 10.50 Button Moon
45.8%
Sunday 1.00Jungle Run
45.3%
Saturday 3.00The Worst Witch
44.3%
Saturday and Sunday 3.30Woof!
44.3%
Saturday and Sunday 2.00Knightmare
40.6%
Saturday 11.05The Raggy Dolls
40.1%
Saturday and Sunday 9.25Mike and Angelo
39.6%
Time Programme % Correct
Saturday 9.50SuperGran
39.6%
Saturday 12.40The Big Bang
37.5%
Saturday 10.15Wizadora
37%
Saturday 11.15Puddle Lane
37%
Saturday and Sunday 2.30Fraggle Rock
37%
Sunday 12.40Fingertips
35.9%
Sunday 10.10Huxley Pig
34.9%
Saturday 10.30T-Bag
33.9%
Saturday and Sunday 4.30Press Gang
33.9%
Sunday 11.05The Riddlers
32.3%
Sunday 11.35Dangermouse
31.8%
Saturday 10.50Engie Benjy
31.3%
Sunday 9.50Spatz
26.6%
Saturday and Sunday 5.00The Tomorrow People
22.9%
Saturday and Sunday 4.00Dramarama
21.9%
Saturday and Sunday 12.00The Sooty Show and Sooty and Co.
16.1%
Remove Ads.
Support Sporcle.
Get the best of Sporcle when you Go Orange. This ad-free experience offers more features, more stats, and more fun while also helping to support Sporcle. Thank you for becoming a member.

You're not logged in!

Compare scores with friends on all Sporcle quizzes.
OR
Log In

Show Comments

Extras

Created Jan 8, 2013ReportNominate
Tags:Show Quiz, old, Weekend

Top Quizzes Today


Score Distribution

Your Account Isn't Verified!

In order to create a playlist on Sporcle, you need to verify the email address you used during registration. Go to your Sporcle Settings to finish the process.

Report this User

Report this user for behavior that violates our Community Guidelines.

Details: